MEDICINAL CHEMISTRY-II (Record no. 12395)

MARC details
000 -LEADER
fixed length control field 00399nam a22001697a 4500
003 - CONTROL NUMBER IDENTIFIER
control field OSt
008 - FIXED-LENGTH DATA ELEMENTS--GENERAL INFORMATION
fixed length control field 240404b |||||||| |||| 00| 0 eng d
020 ## - INTERNATIONAL STANDARD BOOK NUMBER
International Standard Book Number 9789395161428
082 ## - DEWEY DECIMAL CLASSIFICATION NUMBER
Classification number 615.19 KAM
100 ## - MAIN ENTRY--PERSONAL NAME
Personal name KAR, ASHUTOSH
245 ## - TITLE STATEMENT
Title MEDICINAL CHEMISTRY-II
250 ## - EDITION STATEMENT
Edition statement 2nd
260 ## - PUBLICATION, DISTRIBUTION, ETC. (IMPRINT)
Place of publication, distribution, etc New Delhi
Name of publisher, distributor, etc New Age
Date of publication, distribution, etc 2023
300 ## - PHYSICAL DESCRIPTION
Extent xxiv,236
650 ## - SUBJECT ADDED ENTRY--TOPICAL TERM
Topical term or geographic name as entry element MEDICINAL CHEMISTRY-II
942 ## - ADDED ENTRY ELEMENTS (KOHA)
Source of classification or shelving scheme Dewey Decimal Classification
Koha item type Text Books
Holdings
Withdrawn status Lost status Source of classification or shelving scheme Damaged status Not for loan Collection code Home library Current library Date acquired Source of acquisition Currency Cost, normal purchase price Bill Number Total Checkouts Full call number Acc. no. / Barcode Date last seen Actual Cost, discounted price Bill Date Koha item type Date last borrowed
    Dewey Decimal Classification     B.Pharma PIET C-LIBRARY PIET C-LIBRARY 03/04/2024 ZAFAA BOOKS RUPEES 450.00 ZBDO459   615.19 KAM BP2481 04/04/2024 306.00 23/03/2024 Reference Books  
    Dewey Decimal Classification     B.Pharma PIET C-LIBRARY PIET C-LIBRARY 03/04/2024 ZAFAA BOOKS RUPEES 450.00 ZBDO459 6 615.19 KAM BP2482 21/07/2025 306.00 23/03/2024 Text Books 07/07/2025
    Dewey Decimal Classification     B.Pharma PIET C-LIBRARY PIET C-LIBRARY 03/04/2024 ZAFAA BOOKS RUPEES 450.00 ZBDO459 6 615.19 KAM BP2483 15/04/2026 306.00 23/03/2024 Text Books 30/03/2026
    Dewey Decimal Classification     B.Pharma PIET C-LIBRARY PIET C-LIBRARY 03/04/2024 ZAFAA BOOKS RUPEES 450.00 ZBDO459 6 615.19 KAM BP2484 29/07/2025 306.00 23/03/2024 Text Books 21/07/2025
    Dewey Decimal Classification     B.Pharma PIET C-LIBRARY PIET C-LIBRARY 03/04/2024 ZAFAA BOOKS RUPEES 450.00 ZBDO459 6 615.19 KAM BP2485 29/04/2026 306.00 23/03/2024 Text Books 15/04/2026

Design & Developed by: PIET Central Library
R70 Miles Stone Pattikalyana Samalkha Panipat 132102
mail ID :- [email protected], Phone No:- 0180-2569700 Ex.216